El elemento político en el desarrollo de la teoría económica / (Registro nro. 5330)
[ vista simple ]
| 000 -LEADER | |
|---|---|
| fixed length control field | 01295nam a2200289Ia 4500 |
| 003 - CONTROL NUMBER IDENTIFIER | |
| control field | OSt |
| 005 - DATE AND TIME OF LATEST TRANSACTION | |
| control field | 20200606175810.0 |
| 008 - FIXED-LENGTH DATA ELEMENTS--GENERAL INFORMATION | |
| fixed length control field | 191128s1967 sp fr 001 0 spa d |
| 040 ## - CATALOGING SOURCE | |
| Original cataloging agency | CO-JMCR |
| Transcribing agency | CO-JMCR |
| 041 1# - LANGUAGE CODE | |
| Language code of text/sound track or separate title | spa |
| Language code of original | eng |
| 082 04 - DEWEY DECIMAL CLASSIFICATION NUMBER | |
| Classification number | 330.01 / |
| Item number | M972e |
| Edition number | 23 |
| 100 1# - MAIN ENTRY--PERSONAL NAME | |
| Personal name | Myrdal, Gunnar, |
| Relator term | autor |
| 9 (RLIN) | 5134 |
| 245 13 - TITLE STATEMENT | |
| Title | El elemento político en el desarrollo de la teoría económica / |
| Statement of responsibility, etc. | Gunnar Myrdal ; versión española de la tercera edición José Díaz García |
| 260 ## - PUBLICATION, DISTRIBUTION, ETC. | |
| Place of publication, distribution, etc. | Madrid : |
| Name of publisher, distributor, etc. | Editorial Gredos, |
| Date of publication, distribution, etc. | 1967 |
| 300 ## - PHYSICAL DESCRIPTION | |
| Extent | 242 páginas ; |
| Dimensions | 24 cm. |
| 490 0# - SERIES STATEMENT | |
| Series statement | Biblioteca de ciencias económicas. Teoría económica |
| 500 ## - GENERAL NOTE | |
| General note | Incluye índice de autores y materias. |
| 505 0# - FORMATTED CONTENTS NOTE | |
| Formatted contents note | La política y la economía política -- El fondo ideológico -- La teoría clásica del valor -- La teoría neoclásica del valor -- El liberalismo económico -- La "economía social" y la valoración social -- La teoría de la hacienda pública |
| 534 ## - ORIGINAL VERSION NOTE | |
| Introductory phrase | The political element in the development of economic theory |
| 546 ## - LANGUAGE NOTE | |
| Language note | Traducido del inglés |
| 650 14 - SUBJECT ADDED ENTRY--TOPICAL TERM | |
| Topical term or geographic name entry element | Teoría económica |
| 9 (RLIN) | 5135 |
| 650 14 - SUBJECT ADDED ENTRY--TOPICAL TERM | |
| Topical term or geographic name entry element | Economía política |
| 9 (RLIN) | 5136 |
| 650 14 - SUBJECT ADDED ENTRY--TOPICAL TERM | |
| Topical term or geographic name entry element | Economía y Estado |
| 9 (RLIN) | 5137 |
| 650 14 - SUBJECT ADDED ENTRY--TOPICAL TERM | |
| Topical term or geographic name entry element | Economía social |
| 9 (RLIN) | 4222 |
| 700 1# - ADDED ENTRY--PERSONAL NAME | |
| Personal name | Díaz García, José, |
| Relator term | traductor |
| 9 (RLIN) | 4653 |
| 942 ## - ADDED ENTRY ELEMENTS (KOHA) | |
| Source of classification or shelving scheme | Dewey Decimal Classification |
| Koha item type | Books |
| Withdrawn status | Lost status | Source of classification or shelving scheme | Damaged status | Not for loan | Collection code | Home library | Current library | Date acquired | Source of acquisition | Cost, normal purchase price | Total Checkouts | Full call number | Barcode | Date last seen | Copy number | Koha item type |
|---|---|---|---|---|---|---|---|---|---|---|---|---|---|---|---|---|
| Dewey Decimal Classification | Non-fiction | Biblioteca Pública José María del Castillo y Rada | Biblioteca Pública José María del Castillo y Rada | 04/15/2018 | Donación | 0.00 | 330.01 / M972e | 430001720 | 05/16/2024 | Ej.1 | Books |